[Event "Mistrzostwa Polski"]
[Site "Warsaw POL"]
[Date "2014.03.27"]
[Round "3"]
[White "Warakomski, Tomasz"]
[Black "Krasenkow, Michal"]
[Result "0-1"]
[WhiteElo "2498"]
[BlackElo "2640"]
[PlyCount "82"]
[EventDate "2014.03.25"]

1. e4 c5 2. Nf3 Nc6 3. Bb5 e6 4. Bxc6 bxc6 5. d3 Ne7 6. Qe2 d5 7. h4 h5 8. b3
Ng6 9. Bb2 a5 10. Nc3 Ba6 11. O-O-O a4 12. Nxa4 Bb5 13. c4 Bxa4 14. bxa4 Rxa4
15. a3 d4 16. e5 Qa5 17. Rd2 Be7 18. Qe4 Kd7 19. Kd1 Rb8 20. Ke2 Qb6 21. g4 Rh8
22. Ng5 Bxg5 23. hxg5 hxg4 24. Rxh8 Nxh8 25. Qh7 Qb8 26. Qxg7 Ra7 27. Bc1 Rb7
28. Rd1 Qe8 29. Bd2 Kc8 30. Rh1 Ng6 31. Rh7 Kb8 32. Qf6 Ka7 33. a4 Ka6 34. Rh6
Rb2 35. Rxg6 fxg6 36. Qf4 Qb8 37. Qe4 Qb7 38. a5 Ra2 39. Ke1 Ka7 40. Qxg4 Ra1+
41. Ke2 Qb1 0-1

[Event "Mistrzostwa Polski"]
[Site "Warsaw POL"]
[Date "2014.03.27"]
[Round "3"]
[White "Gajewski, Grzegorz"]
[Black "Heberla, Bartlomiej"]
[Result "1-0"]
[WhiteElo "2631"]
[BlackElo "2544"]
[PlyCount "55"]
[EventDate "2014.03.25"]

1. c4 e5 2. Nc3 Bb4 3. Qc2 Nf6 4. Nf3 Qe7 5. e4 O-O 6. Be2 Bxc3 7. bxc3 d6 8.
O-O c5 9. d3 Nc6 10. g3 Bh3 11. Re1 h6 12. Nh4 Nh7 13. Qd1 Be6 14. Nf5 Qd7 15.
g4 Rab8 16. Be3 Kh8 17. Kh1 b5 18. cxb5 Rxb5 19. d4 Rb2 20. dxc5 d5 21. exd5
Bxd5+ 22. Bf3 Nf6 23. c4 Bxf3+ 24. Qxf3 h5 25. gxh5 Ne7 26. Nxe7 Qxe7 27. Bd4
Qb7 28. c6 1-0

[Event "Mistrzostwa Polski"]
[Site "Warsaw POL"]
[Date "2014.03.27"]
[Round "3"]
[White "Duda, Jan-Krzysztof"]
[Black "Jakubowski, Krzysztof"]
[Result "1-0"]
[WhiteElo "2563"]
[BlackElo "2527"]
[PlyCount "65"]
[EventDate "2014.03.25"]

1. e4 c5 2. Nf3 d6 3. d4 cxd4 4. Nxd4 Nf6 5. Nc3 a6 6. Be2 e5 7. Nb3 Be7 8. Bg5
Nbd7 9. a4 b6 10. O-O Bb7 11. Bf3 Rc8 12. Qe2 h6 13. Bxf6 Nxf6 14. Rfd1 g6 15.
Nd2 h5 16. Nc4 Qc7 17. Ne3 Qc5 18. Ra3 O-O 19. Rb3 Rc7 20. h4 Rfc8 21. Ncd5
Bxd5 22. Rxd5 Nxd5 23. Nxd5 Qa5 24. Rxb6 Ra7 25. Bxh5 Bxh4 26. Bg4 Rd8 27. Qe3
Qxa4 28. g3 f5 29. gxh4 fxg4 30. Qg5 Rf8 31. Qxg6+ Rg7 32. Ne7+ Kh8 33. Qh6+
1-0

[Event "Mistrzostwa Polski"]
[Site "Warsaw POL"]
[Date "2014.03.27"]
[Round "3"]
[White "Tomczak, Jacek"]
[Black "Bartel, Mateusz"]
[Result "1/2-1/2"]
[WhiteElo "2544"]
[BlackElo "2662"]
[PlyCount "81"]
[EventDate "2014.03.25"]

1. e4 e5 2. Nf3 Nc6 3. d4 exd4 4. Nxd4 Qf6 5. Be3 Bc5 6. c3 d6 7. Nc2 Qg6 8.
Bxc5 dxc5 9. Nd2 Be6 10. Ne3 O-O-O 11. Qa4 Nge7 12. Nb3 Bxb3 13. axb3 f5 14. g3
f4 15. gxf4 Qd6 16. Bh3+ Kb8 17. O-O Qxf4 18. Bg2 Rhf8 19. Qb5 Ne5 20. Qxc5
N7c6 21. Nd5 Rxd5 22. exd5 Ng4 23. Qxf8+ Qxf8 24. h3 Nce5 25. hxg4 Nxg4 26. Ra4
h5 27. Re4 a6 28. b4 Qf6 29. Re2 Qf4 30. Rd1 h4 31. Rd3 Ka7 32. b3 g5 33. c4
Nf6 34. Rf3 Qc1+ 35. Bf1 Nh5 36. Rf7 h3 37. Ree7 h2+ 38. Kxh2 Qxf1 39. Rxc7 Nf4
40. Rxb7+ Ka8 41. Ra7+ 1/2-1/2

[Event "Mistrzostwa Polski"]
[Site "Warsaw POL"]
[Date "2014.03.27"]
[Round "3"]
[White "Socko, Bartosz"]
[Black "Swiercz, Dariusz"]
[Result "1-0"]
[WhiteElo "2651"]
[BlackElo "2631"]
[PlyCount "81"]
[EventDate "2014.03.25"]

1. d4 Nf6 2. c4 g6 3. Nc3 d5 4. Qb3 dxc4 5. Qxc4 Bg7 6. e4 O-O 7. Be2 Be6 8. d5
Bg4 9. h3 Bxe2 10. Ngxe2 c6 11. O-O cxd5 12. exd5 Nbd7 13. Rd1 Qb6 14. Be3 Qxb2
15. Rab1 Qc2 16. Rdc1 Rac8 17. Qd4 Qf5 18. Rxb7 Nc5 19. Rxa7 Nfe4 20. Qd1 Nxf2
21. Bxf2 Nd3 22. Qf1 Nxc1 23. Qxc1 Qd3 24. Ra3 Rc4 25. Qe3 Qc2 26. Bg3 Rfc8 27.
Be5 Bf8 28. Rb3 Qf5 29. Bd4 Qd7 30. Qe5 f6 31. Qe3 Re8 32. Rb6 Rec8 33. Re6 Kf7
34. a4 Qd8 35. a5 Qxa5 36. Rxf6+ Ke8 37. d6 Rxd4 38. Qxd4 exf6 39. d7+ Kd8 40.
dxc8=Q+ Kxc8 41. Qxf6 1-0

[Event "Mistrzostwa Polski"]
[Site "Warsaw POL"]
[Date "2014.03.27"]
[Round "3"]
[White "Piorun, Kacper"]
[Black "Sadzikowski, Daniel"]
[Result "1/2-1/2"]
[WhiteElo "2570"]
[BlackElo "2470"]
[PlyCount "144"]
[EventDate "2014.03.25"]

1. d4 Nf6 2. c4 e6 3. Nc3 Bb4 4. e3 O-O 5. Bd3 d5 6. Nf3 b6 7. O-O Bb7 8. Qe2
Nbd7 9. Rd1 Qe7 10. cxd5 exd5 11. a3 Bd6 12. Nb5 a5 13. Nxd6 Qxd6 14. b3 Rfe8
15. Bd2 c5 16. Be1 Qe7 17. a4 Ne4 18. Rac1 Rec8 19. Qb2 Rc6 20. Bf1 Rh6 21. g3
Nf8 22. Ne5 Ne6 23. f3 Nd6 24. Bg2 f6 25. Nd3 c4 26. bxc4 Nxc4 27. Qf2 Ng5 28.
h4 Nf7 29. e4 Nfd6 30. Nb2 Nxb2 31. Qxb2 dxe4 32. fxe4 Bxe4 33. Qxb6 Bxg2 34.
Kxg2 f5 35. Qb3+ Kh8 36. Qf3 Rf8 37. Bd2 Re6 38. Re1 Ne4 39. Bf4 Qd7 40. Be5
Rc6 41. Rxc6 Qxc6 42. g4 Qc8 43. gxf5 Nf6 44. Kh1 Qd7 45. Qa3 Re8 46. Rf1 Qc6+
47. Kg1 Rg8 48. Rf2 Qe4 49. Qg3 Qb1+ 50. Kh2 Qe4 51. Kh3 Rc8 52. Bxf6 gxf6 53.
Rg2 Qxf5+ 54. Kh2 Qd7 55. d5 Rd8 56. Kh1 Qe7 57. h5 Qf7 58. Qg4 Qc7 59. d6 Qc1+
60. Kh2 Qg5 61. Qxg5 fxg5 62. Rxg5 Rxd6 63. Rxa5 Rd4 64. Kg3 Kg7 65. Kf3 Kh6
66. Ke3 Rg4 67. Kd3 Rg3+ 68. Kc4 Rg4+ 69. Kc5 Kxh5 70. Kb6+ Kh4 71. Ra8 h5 72.
a5 Ra4 1/2-1/2

[Event "Mistrzostwa Polski"]
[Site "Warsaw POL"]
[Date "2014.03.27"]
[Round "3"]
[White "Kanarek, Marcel"]
[Black "Pakleza, Zbigniew"]
[Result "0-1"]
[WhiteElo "2476"]
[BlackElo "2490"]
[PlyCount "80"]
[EventDate "2014.03.25"]

1. e4 c6 2. d4 d5 3. e5 Bf5 4. h4 h6 5. g4 Be4 6. f3 Bh7 7. e6 Qd6 8. exf7+
Kxf7 9. f4 Nf6 10. Nf3 Nbd7 11. Ne5+ Kg8 12. g5 Be4 13. Rh3 Qe6 14. gxf6 exf6
15. Nxd7 Bf3+ 16. Be2 Qxh3 17. Bxf3 Re8+ 18. Ne5 fxe5 19. fxe5 Be7 20. Be3 g5
21. Qe2 Rf8 22. Bg2 Qxh4+ 23. Kd2 g4 24. Nc3 Bg5 25. Rf1 Kg7 26. Nd1 Rxf1 27.
Bxf1 Rf8 28. Bxg5 Qxg5+ 29. Ne3 h5 30. Bg2 Rf4 31. Kc3 h4 32. Bxd5 cxd5 33.
Nxd5 Rf3+ 34. Kc4 Rf8 35. Qe4 g3 36. Ne3 h3 37. e6 g2 38. Qxb7+ Kh8 39. e7 Qg8+
40. Nd5 Rc8+ 0-1

[Event "Mistrzostwa Polski"]
[Site "Warsaw POL"]
[Date "2014.03.27"]
[Round "3"]
[White "Grabarczyk, Miroslaw"]
[Black "Adamski, Jan"]
[Result "1-0"]
[WhiteElo "2466"]
[BlackElo "2302"]
[PlyCount "59"]
[EventDate "2014.03.25"]

1. d4 Nf6 2. c4 e6 3. Nf3 Bb4+ 4. Bd2 Bxd2+ 5. Qxd2 O-O 6. g3 d6 7. Bg2 Nc6 8.
Nc3 e5 9. O-O Bg4 10. d5 Bxf3 11. Bxf3 Nb8 12. b4 Nbd7 13. e4 Qe7 14. a3 Rfc8
15. Rfc1 c6 16. Bg2 cxd5 17. cxd5 a6 18. Nd1 g6 19. Nb2 Nb6 20. a4 Kg7 21. f3
Rxc1+ 22. Rxc1 Qd7 23. a5 Nc8 24. Nc4 Ne8 25. Qc3 Qc7 26. Bh3 b5 27. Nb6 Qxc3
28. Rxc3 Nxb6 29. axb6 Rb8 30. Rc8 1-0

[Event "Mistrzostwa Polski"]
[Site "Warsaw POL"]
[Date "2014.03.27"]
[Round "3"]
[White "Sieciechowicz, Marcin"]
[Black "Stachowiak, Kamil"]
[Result "1/2-1/2"]
[WhiteElo "2436"]
[BlackElo "2442"]
[PlyCount "152"]
[EventDate "2014.03.25"]

1. d4 Nf6 2. c4 c5 3. d5 b5 4. Nf3 g6 5. cxb5 a6 6. b6 d6 7. Nc3 Qxb6 8. a4 Bg7
9. a5 Qb4 10. Nd2 O-O 11. e4 Bd7 12. Be2 Bb5 13. Ra3 Nbd7 14. O-O Rfb8 15. Bxb5
axb5 16. Qe2 c4 17. Na2 Qc5 18. b4 cxb3 19. Rxb3 Rxa5 20. Nb4 Ne5 21. Bb2 Nfd7
22. Rc1 Qa7 23. g3 Ra4 24. Bxe5 Nxe5 25. Kg2 Ra3 26. Rxa3 Qxa3 27. Rb1 h5 28.
f4 Nc4 29. Nxc4 bxc4 30. Nc2 Rb2 31. Rxb2 Qxb2 32. Qxc4 Bc3 33. Qd3 Bb4 34. Kh3
Bc5 35. Ne1 Qf2 36. Nf3 Be3 37. Nh4 Kg7 38. Qc3+ Bd4 39. Qf3 Qd2 40. Qg2 Qe1
41. Qc2 Bf6 42. Nf3 Qf1+ 43. Qg2 Qc4 44. Ng1 Qc8+ 45. g4 Qc1 46. Qf2 Qb1 47. g5
Bc3 48. Qf3 Qxg1 49. Qxc3+ Kh7 50. Qf3 Kg8 51. Qe2 Kg7 52. Qf3 f6 53. gxf6+
exf6 54. f5 g5 55. Qxh5 Qe3+ 56. Kg2 Qxe4+ 57. Qf3 Qd4 58. h3 Kh6 59. Kh2 Qe5+
60. Kg2 Kg7 61. Kf2 Kf8 62. Qd3 Qh2+ 63. Kf1 Qh1+ 64. Kf2 Qh2+ 65. Kf1 Qf4+ 66.
Kg2 Ke7 67. Qc2 Kd8 68. Qd3 Qe5 69. Kf2 Kc7 70. Qc4+ Kd8 71. Qd3 Qb2+ 72. Kg3
Qe5+ 73. Kg4 Qf4+ 74. Kh5 g4 75. Kg6 g3 76. Qb5 Qe5 1/2-1/2

[Event "Mistrzostwa Polski"]
[Site "Warsaw POL"]
[Date "2014.03.27"]
[Round "3"]
[White "Weichhold, Pawel"]
[Black "Wieczorek, Oskar"]
[Result "1/2-1/2"]
[WhiteElo "2394"]
[BlackElo "2407"]
[PlyCount "81"]
[EventDate "2014.03.25"]

1. c4 Nf6 2. Nc3 e6 3. g3 d5 4. Bg2 Be7 5. d3 d4 6. Ne4 Nxe4 7. dxe4 Bb4+ 8.
Bd2 Bxd2+ 9. Qxd2 e5 10. Nf3 Qe7 11. O-O O-O 12. Ne1 Be6 13. b3 Nd7 14. e3 c5
15. exd4 cxd4 16. Nd3 f6 17. f4 a5 18. Rfc1 b6 19. Bf3 Nc5 20. f5 Bd7 21. Nxc5
Qxc5 22. a4 Bc6 23. Qd3 g6 24. Bg4 Kg7 25. Rf1 Qe7 26. Rf2 Rh8 27. Bh3 g5 28.
Bg2 h5 29. h3 h4 30. g4 Rhc8 31. Rc2 Be8 32. Bf3 Qb4 33. Kf2 Bf7 34. Rca2 Rc5
35. Bd1 Rac8 36. Qd2 Ra8 37. Qd3 Kf8 38. Be2 Ke7 39. Bd1 Kd6 40. Be2 Rac8 41.
Rc2 1/2-1/2

[Event "Mistrzostwa Polski"]
[Site "Warsaw POL"]
[Date "2014.03.28"]
[Round "4"]
[White "Krasenkow, Michal"]
[Black "Gajewski, Grzegorz"]
[Result "0-1"]
[WhiteElo "2640"]
[BlackElo "2631"]
[PlyCount "58"]
[EventDate "2014.03.25"]

1. Nf3 d5 2. d4 Nf6 3. c4 e6 4. Bg5 Bb4+ 5. Nbd2 dxc4 6. Qc2 b5 7. a4 c6 8. g3
Bb7 9. Bg2 Nbd7 10. Ne5 Qc8 11. O-O O-O 12. b3 c5 13. Bxb7 Qxb7 14. bxc4 Bxd2
15. Bxd2 b4 16. Nxd7 Qxd7 17. dxc5 a5 18. Rfd1 Qc6 19. Be3 Ne4 20. Rd3 Rac8 21.
Qd1 Nc3 22. Qd2 Qe4 23. Rd4 Qf5 24. f3 Qxc5 25. Kg2 Qc6 26. Bf4 e5 27. Rd6 Qxc4
28. Be3 b3 29. Rb6 Rfd8 0-1

[Event "Mistrzostwa Polski"]
[Site "Warsaw POL"]
[Date "2014.03.28"]
[Round "4"]
[White "Markowski, Tomasz"]
[Black "Duda, Jan-Krzysztof"]
[Result "0-1"]
[WhiteElo "2566"]
[BlackElo "2563"]
[PlyCount "162"]
[EventDate "2014.03.25"]

1. d4 Nf6 2. Nf3 d5 3. c4 e6 4. e3 c6 5. Nbd2 Nbd7 6. b3 Be7 7. Bb2 O-O 8. Bd3
dxc4 9. Nxc4 b5 10. Ncd2 Bb7 11. O-O a6 12. a4 Nd5 13. Qb1 h6 14. Rc1 Qb6 15.
Be2 Rfd8 16. Qe4 Rac8 17. Ne5 Nxe5 18. Qxe5 Nf6 19. Qg3 Kf8 20. Bf3 c5 21. axb5
axb5 22. dxc5 Bxc5 23. Bxb7 Qxb7 24. Nf3 Be7 25. h3 Qd5 26. Rcb1 b4 27. Be5 Qe4
28. Rc1 Nh5 29. Qg4 Qxg4 30. hxg4 Nf6 31. Rxc8 Rxc8 32. Bxf6 Bxf6 33. Ra4 Be7
34. Kf1 g6 35. Ke2 Rc2+ 36. Nd2 Kg7 37. Kd3 Rb2 38. g3 h5 39. gxh5 gxh5 40. f3
Kg6 41. Ra8 Bf6 42. Rc8 Be5 43. f4 Bc3 44. Nc4 Rg2 45. Rg8+ Bg7 46. Ne5+ Kh7
47. Rb8 Rxg3 48. Nxf7 h4 49. Ng5+ Kg6 50. Nxe6 h3 51. Nxg7 Kxg7 52. Rb7+ Kh6
53. Rb8 Kh7 54. Rb5 Rg6 55. Kc4 Rh6 56. Rd5 h2 57. Rd1 h1=Q 58. Rxh1 Rxh1 59.
Kxb4 Kg6 60. Kc5 Rc1+ 61. Kd5 Rb1 62. Kc4 Kf5 63. b4 Ke6 64. b5 Rf1 65. Kc5 Kd7
66. Kd5 Rd1+ 67. Kc5 Re1 68. Kd4 Rb1 69. Kc5 Re1 70. Kd4 Kd6 71. e4 Rd1+ 72.
Kc4 Rc1+ 73. Kd4 Rd1+ 74. Kc4 Re1 75. Kd4 Rc1 76. e5+ Ke6 77. f5+ Kxf5 78. Kd5
Rb1 79. Kc6 Ke6 80. b6 Rc1+ 81. Kb7 Kxe5 0-1

[Event "Mistrzostwa Polski"]
[Site "Warsaw POL"]
[Date "2014.03.28"]
[Round "4"]
[White "Pakleza, Zbigniew"]
[Black "Wojtaszek, Radoslaw"]
[Result "1/2-1/2"]
[WhiteElo "2490"]
[BlackElo "2713"]
[PlyCount "90"]
[EventDate "2014.03.25"]

1. Nf3 d5 2. c4 d4 3. e3 Nc6 4. exd4 Nxd4 5. Nxd4 Qxd4 6. Nc3 c6 7. d3 Nh6 8.
Be3 Qd8 9. d4 Nf5 10. Qd2 g6 11. d5 Bg7 12. dxc6 Nxe3 13. Qxd8+ Kxd8 14. cxb7
Bxb7 15. fxe3 Bxc3+ 16. bxc3 Kc7 17. h4 Be4 18. h5 g5 19. Be2 Rhd8 20. O-O f6
21. Rfd1 Rxd1+ 22. Rxd1 Rb8 23. Rd2 Rb1+ 24. Kh2 Rc1 25. Bd3 Bxd3 26. Rxd3 Rc2
27. c5 Rxa2 28. c6 Kxc6 29. Rd8 Ra4 30. g3 g4 31. Rh8 Ra2+ 32. Kg1 Re2 33. Rxh7
Rxe3 34. Kf2 Re5 35. h6 a5 36. Rg7 Rh5 37. h7 e5 38. Ke3 f5 39. Re7 Kd5 40. c4+
Kd6 41. Ra7 a4 42. Rxa4 Rxh7 43. Ra6+ Kc5 44. Ra5+ Kd6 45. Ra6+ Kc5 1/2-1/2

[Event "Mistrzostwa Polski"]
[Site "Warsaw POL"]
[Date "2014.03.28"]
[Round "4"]
[White "Heberla, Bartlomiej"]
[Black "Socko, Bartosz"]
[Result "1-0"]
[WhiteElo "2544"]
[BlackElo "2651"]
[PlyCount "81"]
[EventDate "2014.03.25"]

1. e4 e6 2. d4 d5 3. Nd2 c5 4. c3 cxd4 5. cxd4 dxe4 6. Nxe4 Bb4+ 7. Nc3 Nf6 8.
Nf3 O-O 9. Bd3 b6 10. O-O Bb7 11. Bg5 Nc6 12. Bc2 Be7 13. a3 Nd5 14. Qd3 g6 15.
Bh6 Re8 16. Ba4 Nxc3 17. Qxc3 Qd5 18. Bb3 Qa5 19. Qe3 Qf5 20. Rac1 Bf6 21. Bc2
Qh5 22. Be4 Rac8 23. Bf4 Na5 24. Bxb7 Nxb7 25. Be5 Be7 26. Rxc8 Rxc8 27. Rc1
Re8 28. Rc7 Nd8 29. h3 Qf5 30. g4 Qb1+ 31. Kg2 Qxb2 32. d5 Qxa3 33. Qxa3 Bxa3
34. d6 Rf8 35. g5 a5 36. Nd2 f6 37. Bxf6 Nf7 38. d7 a4 39. Rc8 Bb4 40. Nf3 b5
41. Nd4 1-0

[Event "Mistrzostwa Polski"]
[Site "Warsaw POL"]
[Date "2014.03.28"]
[Round "4"]
[White "Bartel, Mateusz"]
[Black "Piorun, Kacper"]
[Result "1/2-1/2"]
[WhiteElo "2662"]
[BlackElo "2570"]
[PlyCount "87"]
[EventDate "2014.03.25"]

1. e4 c5 2. Nf3 e6 3. d4 cxd4 4. Nxd4 Nc6 5. Nc3 Qc7 6. Be3 a6 7. f4 b5 8. Nb3
d6 9. g4 Nf6 10. g5 Nd7 11. Bg2 Be7 12. Qh5 Na5 13. O-O Nc4 14. Bd4 e5 15. Nd5
Qd8 16. Bc3 Bb7 17. Rae1 Bxd5 18. exd5 b4 19. fxe5 g6 20. Qf3 O-O 21. exd6 Bxd6
22. Bd4 Qxg5 23. Kh1 Nde5 24. Qh3 Rfe8 25. Nc5 Nd2 26. Ne6 fxe6 27. Be3 Qg4 28.
Bxd2 Qxh3 29. Bxh3 exd5 30. Bg5 Rf8 31. Bh6 Rxf1+ 32. Rxf1 Re8 33. Rf6 Bc7 34.
Rxa6 Nf7 35. Re6 Ra8 36. Be3 Be5 37. Re7 Bf6 38. Rc7 Re8 39. Bc5 Re1+ 40. Kg2
Ng5 41. Bg4 Re4 42. Rc8+ Kf7 43. Rc7+ Kg8 44. Rc8+ 1/2-1/2

[Event "Mistrzostwa Polski"]
[Site "Warsaw POL"]
[Date "2014.03.28"]
[Round "4"]
[White "Sadzikowski, Daniel"]
[Black "Tomczak, Jacek"]
[Result "1/2-1/2"]
[WhiteElo "2470"]
[BlackElo "2544"]
[PlyCount "82"]
[EventDate "2014.03.25"]

1. Nf3 Nf6 2. c4 g6 3. Nc3 d5 4. cxd5 Nxd5 5. Qb3 Nb6 6. d4 Bg7 7. Bf4 Be6 8.
Qa3 O-O 9. e3 N8d7 10. Be2 c5 11. dxc5 Nc4 12. Qb4 a5 13. Qb5 Rc8 14. Nd4 Rxc5
15. Nxe6 Rxb5 16. Nxd8 Rxb2 17. O-O-O Ndb6 18. Bxc4 Nxc4 19. Nd5 Rxa2 20. Nxe7+
Kh8 21. Nxb7 Na3 22. Rd4 Rc2+ 23. Kd1 Rb2 24. Bd6 Nb5 25. Kc1 Rxf2 26. Nxg6+
fxg6 27. Bxf8 Bxd4 28. exd4 Rxf8 29. d5 Rc8+ 30. Kb2 Rb8 31. Nxa5 Nc7+ 32. Kc3
Nxd5+ 33. Kd4 Nf4 34. g3 Ne6+ 35. Ke5 Rb5+ 36. Kxe6 Rxa5 37. h4 Kg7 38. g4 h5
39. g5 Ra6+ 40. Ke7 Ra4 41. Ke6 Ra6+ 1/2-1/2

[Event "Mistrzostwa Polski"]
[Site "Warsaw POL"]
[Date "2014.03.28"]
[Round "4"]
[White "Grabarczyk, Miroslaw"]
[Black "Warakomski, Tomasz"]
[Result "0-1"]
[WhiteElo "2466"]
[BlackElo "2498"]
[PlyCount "90"]
[EventDate "2014.03.25"]

1. d4 d5 2. Nf3 e6 3. c4 Nf6 4. g3 Be7 5. Bg2 O-O 6. O-O dxc4 7. Qc2 b5 8. a4
b4 9. Nbd2 Bb7 10. Nxc4 Be4 11. Qd1 c5 12. dxc5 Bxc5 13. Qxd8 Rxd8 14. Bg5 Nbd7
15. Nfd2 Bxg2 16. Kxg2 Be7 17. Na5 Rdc8 18. Rfc1 h6 19. Be3 Rxc1 20. Rxc1 Nd5
21. Bd4 e5 22. e4 exd4 23. exd5 Nb6 24. Nc6 Kf8 25. Nf3 Nxa4 26. Nxa7 d3 27.
Nc8 Bg5 28. Nxg5 hxg5 29. d6 Ke8 30. Re1+ Kd8 31. Ne7 Nxb2 32. Nc6+ Kd7 33.
Ne5+ Kxd6 34. Nf3 Rc8 35. Re4 Rc4 36. Re8 g4 37. Nd2 Rc2 38. Nb3 Kd5 39. Rd8+
Kc4 40. Na5+ Kb5 41. Nb3 Kc4 42. Na5+ Kc3 43. Rc8+ Kd2 44. Nb3+ Ke1 45. Re8+
Re2 0-1

[Event "Mistrzostwa Polski"]
[Site "Warsaw POL"]
[Date "2014.03.28"]
[Round "4"]
[White "Swiercz, Dariusz"]
[Black "Kanarek, Marcel"]
[Result "1-0"]
[WhiteElo "2631"]
[BlackElo "2476"]
[PlyCount "133"]
[EventDate "2014.03.25"]

1. d4 Nf6 2. Bg5 d5 3. e3 e6 4. Nf3 c5 5. Nbd2 cxd4 6. exd4 Nc6 7. c3 Be7 8.
Bd3 b6 9. O-O O-O 10. Re1 Bb7 11. Ne5 Nxe5 12. Rxe5 Nd7 13. Bxe7 Qxe7 14. Re3
Rfe8 15. Qh5 g6 16. Qh6 Qf8 17. Qf4 Bc6 18. Rae1 b5 19. h4 Qg7 20. h5 Rac8 21.
Nf3 Qf6 22. Qg3 Qg7 23. Qh4 Qf6 24. hxg6 hxg6 25. Ng5 Qg7 26. Rf3 Re7 27. Rg3
Qh8 28. Qf4 e5 29. dxe5 Nxe5 30. Rh3 Qxh3 31. Nxh3 Nxd3 32. Rxe7 Nxf4 33. Nxf4
d4 34. cxd4 Rd8 35. Ne2 a5 36. Ra7 Re8 37. Nf4 Re1+ 38. Kh2 Rd1 39. d5 Be8 40.
Rxa5 Rd2 41. Kg3 Kf8 42. b3 g5 43. Nh5 Ke7 44. Ra6 Rxd5 45. Nf6 Rc5 46. Ne4 Re5
47. Nf6 Rc5 48. Ne4 Re5 49. f3 Bd7 50. b4 Be6 51. Ra7+ Kf8 52. Nc5 Bf5 53. Ra5
Re2 54. Nb3 Bd7 55. Nd4 Rb2 56. a3 f5 57. f4 Rd2 58. Nxb5 Rd3+ 59. Kf2 gxf4 60.
Nc7 Rd2+ 61. Kf3 Bc6+ 62. Kxf4 Ke7 63. g3 Kd6 64. Nb5+ Ke6 65. Ke3 Rg2 66. Nd4+
Kd6 67. Nxf5+ 1-0

[Event "Mistrzostwa Polski"]
[Site "Warsaw POL"]
[Date "2014.03.28"]
[Round "4"]
[White "Jakubowski, Krzysztof"]
[Black "Sieciechowicz, Marcin"]
[Result "1-0"]
[WhiteElo "2527"]
[BlackElo "2436"]
[PlyCount "99"]
[EventDate "2014.03.25"]

1. d4 Nf6 2. Nf3 g6 3. Bg5 Ne4 4. Bf4 d5 5. e3 Bg7 6. Nbd2 c5 7. c3 Nxd2 8.
Qxd2 cxd4 9. cxd4 Nc6 10. Be2 O-O 11. O-O Qb6 12. Rfc1 a6 13. h3 f6 14. Rc3 Be6
15. Rac1 Rac8 16. Bg3 Bf7 17. Bd1 Rfd8 18. Ba4 Be8 19. Bb3 e6 20. Ne1 Qa7 21.
Nd3 b6 22. Nb4 Qa8 23. Nxc6 Bxc6 24. Qc2 Bd7 25. Bc7 Re8 26. Bxb6 Rxc3 27. Qxc3
Bf8 28. Qa5 Rc8 29. Rxc8 Qxc8 30. Bc5 Kf7 31. Bd1 Bb5 32. b4 Be7 33. Qb6 Qd7
34. a4 Bc4 35. Qb8 Bd8 36. Bd6 Kg7 37. f4 Be7 38. Bc5 f5 39. Kf2 Bh4+ 40. g3
Bd8 41. Bd6 h5 42. Ke1 Kf7 43. Kd2 a5 44. b5 Be7 45. Bc5 Bxc5 46. dxc5 d4 47.
Qd6 Qxd6 48. cxd6 Bd5 49. b6 Bb7 50. Bb3 1-0

[Event "Mistrzostwa Polski"]
[Site "Warsaw POL"]
[Date "2014.03.28"]
[Round "4"]
[White "Stachowiak, Kamil"]
[Black "Wieczorek, Oskar"]
[Result "1/2-1/2"]
[WhiteElo "2442"]
[BlackElo "2407"]
[PlyCount "90"]
[EventDate "2014.03.25"]

1. d4 Nf6 2. c4 e6 3. Nc3 d5 4. cxd5 exd5 5. Bg5 c6 6. e3 Qb6 7. Qc2 Ne4 8. Bf4
Bf5 9. Bd3 Na6 10. a3 Qa5 11. Rc1 Nxc3 12. Qxc3 Qxc3+ 13. Rxc3 Bxd3 14. Rxd3
O-O-O 15. Nf3 Bd6 16. Bg3 f6 17. Ke2 Nc7 18. Rc1 Kd7 19. Rb3 Rb8 20. Ne1 Ne6
21. Nd3 Rhc8 22. Rbc3 a5 23. Bxd6 Kxd6 24. Nc5 Nxc5 25. dxc5+ Kc7 26. R1c2 b5
27. cxb6+ Rxb6 28. Kd2 Kd6 29. Rc5 Ra8 30. Kc1 a4 31. Kb1 Raa6 32. Kc1 Rb8 33.
Kd2 Rb3 34. Kd1 h5 35. Kc1 g5 36. R5c3 Rab6 37. Rc5 Ra6 38. R5c3 Rxc3 39. Rxc3
c5 40. Kc2 Rb6 41. e4 d4 42. Rc4 d3+ 43. Kc1 d2+ 44. Kxd2 Rxb2+ 45. Ke1 Rb1+
1/2-1/2

[Event "Mistrzostwa Polski"]
[Site "Warsaw POL"]
[Date "2014.03.28"]
[Round "4"]
[White "Adamski, Jan"]
[Black "Weichhold, Pawel"]
[Result "1/2-1/2"]
[WhiteElo "2302"]
[BlackElo "2394"]
[PlyCount "83"]
[EventDate "2014.03.25"]

1. Nf3 Nf6 2. c4 g6 3. Nc3 Bg7 4. e4 O-O 5. d4 d6 6. Be2 c5 7. O-O cxd4 8. Nxd4
Nc6 9. Be3 Bd7 10. Qd2 Nxd4 11. Bxd4 Bc6 12. f3 a5 13. b3 Nd7 14. Bf2 Nc5 15.
Rab1 e6 16. Rfd1 Be5 17. Bf1 Qf6 18. Ne2 g5 19. Be3 h6 20. Bd4 g4 21. Bxe5 dxe5
22. fxg4 Nxe4 23. Qe3 Qh4 24. h3 f5 25. gxf5 exf5 26. g3 Qf6 27. Nc3 Ng5 28.
Nd5 Qg7 29. Kh2 Rae8 30. Qc3 Qg6 31. Bg2 f4 32. Rb2 f3 33. Bf1 h5 34. Qe3 Rf7
35. Rf2 Ref8 36. Bd3 e4 37. h4 exd3 38. Qxg5 Qxg5 39. hxg5 Bxd5 40. cxd5 Kg7
41. Rxd3 Kg6 42. d6 1/2-1/2

[Event "Mistrzostwa Polski"]
[Site "Warsaw POL"]
[Date "2014.03.29"]
[Round "5"]
[White "Gajewski, Grzegorz"]
[Black "Duda, Jan-Krzysztof"]
[Result "1/2-1/2"]
[WhiteElo "2631"]
[BlackElo "2563"]
[PlyCount "63"]
[EventDate "2014.03.25"]

1. d4 d5 2. c4 c6 3. Nf3 Nf6 4. Nc3 e6 5. e3 Nbd7 6. Be2 Bd6 7. O-O dxc4 8. a4
O-O 9. Bxc4 e5 10. a5 Rb8 11. Qc2 b5 12. axb6 axb6 13. Rd1 Qc7 14. h3 b5 15.
Bb3 h6 16. Bd2 b4 17. Na4 e4 18. Nh4 Re8 19. Rdc1 Nf8 20. Qxc6 Qd8 21. Nc5 Rb6
22. Qa8 Bb8 23. Qa2 Qe7 24. g3 Bxh3 25. Qa5 N6d7 26. Bxb4 Qxh4 27. gxh4 Rg6+
28. Kh1 Bg2+ 29. Kg1 Bh3+ 30. Kh1 Bg2+ 31. Kg1 Bh3+ 32. Kh1 1/2-1/2

[Event "Mistrzostwa Polski"]
[Site "Warsaw POL"]
[Date "2014.03.29"]
[Round "5"]
[White "Wojtaszek, Radoslaw"]
[Black "Krasenkow, Michal"]
[Result "1-0"]
[WhiteElo "2713"]
[BlackElo "2640"]
[PlyCount "131"]
[EventDate "2014.03.25"]

1. d4 d6 2. Nf3 Bg4 3. c4 Nd7 4. Nc3 e5 5. g3 Ngf6 6. Bg2 c6 7. h3 Bxf3 8. Bxf3
Be7 9. e4 O-O 10. Be3 Qb8 11. O-O b5 12. cxb5 cxb5 13. Rc1 b4 14. Nb1 d5 15.
Nd2 Qb5 16. Qb3 dxe4 17. Nxe4 Rac8 18. a4 Qa6 19. Nc5 Bxc5 20. dxc5 e4 21. Bg2
Ne5 22. Qxb4 Nd3 23. Qc4 Qxc4 24. Rxc4 Nxb2 25. Rc2 Nd3 26. Bd4 Rfe8 27. Rb1
Nd5 28. Re2 f5 29. f3 Red8 30. Rb7 N5f4 31. Rxg7+ Kf8 32. gxf4 Rxd4 33. Rxh7
Rxc5 34. fxe4 Rxa4 35. e5 Nxf4 36. Rb2 Kg8 37. Rd7 Rc8 38. e6 Re8 39. Rbb7 Ra1+
40. Kh2 Nxe6 41. Bd5 Re1 42. Rg7+ Kh8 43. Rh7+ Kg8 44. Rhg7+ Kh8 45. Rh7+ Kg8
46. Rbg7+ Kf8 47. Rf7+ Kg8 48. Rfg7+ Kf8 49. Rxa7 Kg8 50. Rh6 Re5 51. Rd7 Rxd5
52. Rxd5 Kg7 53. Rh5 f4 54. Rhe5 Kf6 55. Re1 Ra8 56. Rd6 Re8 57. Kg2 Kf7 58.
Kf2 Re7 59. h4 Nf8 60. Rxe7+ Kxe7 61. Rh6 Kf7 62. Kf3 Ng6 63. Kg4 f3 64. Kxf3
Kg7 65. Rh5 Kf6 66. Kg3 1-0

[Event "Mistrzostwa Polski"]
[Site "Warsaw POL"]
[Date "2014.03.29"]
[Round "5"]
[White "Warakomski, Tomasz"]
[Black "Markowski, Tomasz"]
[Result "1/2-1/2"]
[WhiteElo "2498"]
[BlackElo "2566"]
[PlyCount "91"]
[EventDate "2014.03.25"]

1. e4 c5 2. Nf3 e6 3. d4 cxd4 4. Nxd4 a6 5. Nc3 Qc7 6. g3 Bb4 7. Bd2 Nf6 8. Bg2
Nc6 9. Nxc6 bxc6 10. O-O Be7 11. Na4 d6 12. Qe1 Nd7 13. Ba5 Qb8 14. Rd1 O-O 15.
c4 c5 16. Rd2 Bb7 17. Qd1 f5 18. Re1 Ne5 19. Nb6 fxe4 20. Rxe4 Bxe4 21. Bxe4
Ra7 22. Qh5 g6 23. Qh3 Rf6 24. f4 Nf7 25. Na4 d5 26. cxd5 Qb5 27. dxe6 Qxa4 28.
exf7+ Kg7 29. b4 cxb4 30. Qc8 Bf8 31. Bd8 Rfxf7 32. Bb6 Rad7 33. Bd5 Rxd5 34.
Rxd5 Qxa2 35. Bd4+ Kg8 36. Rd8 Qb1+ 37. Kf2 Qa2+ 38. Kg1 Qb1+ 39. Kf2 Qf5 40.
Qxa6 Rc7 41. Qa2+ Qf7 42. Qa8 Rc2+ 43. Kf3 Qf5 44. Rxf8+ Qxf8 45. Qd5+ Qf7 46.
Qd8+ 1/2-1/2